=LDR 00000nam 2200000 4500 =001 INLIS000000000006174 =005 20251105111550 =035 ##$$a 0010-1125000048 =007 ta =008 251105###########################0#ind## =082 ##$$a 304.6 =084 ##$$a 304.6 DOR t =100 #$$a Dorodjatun Kuntnjoro =245 1#$$a The Demographic Transition In Indonesia /$c Badan Koordinasi Keluarga Berencana Nasional =260 ##$:$b Badan Koordinasi Keluarga Berencana Nasional =300 ##$$a 2 Hal : $b Ilus ; $c 21 =650 #4$$a Keluarga Berencana =856 ##$$a Perpustakaan Kemendukbangga